[Event "AUTO-ELITE-441"]
[Site "http://www.queenalice.com/game.php?id=681167"]
[Date "2009.11.11"]
[Round "1"]
[White "SJRioPreto"]
[Black "pumamercedino"]
[Result "0-1"]
[WhiteElo "2301"]
[BlackElo "2478"]

1. d4 Nf6 2. c4 e6 3. Nf3 Bb4+ 4. Bd2 Qe7 5. g3 O-O 6. Bg2 Nc6 7. Nc3 d5 8. a3
Bxc3 9. Bxc3 Rd8 10. O-O Ne4 11. Qc2 Nd6 12. c5 Nb5 13. e4 Nxc3 14. bxc3 b6 15.
Rfe1 dxe4 16. Qxe4 Bb7 17. Rad1 Na5 18. d5 Qf6 19. c4 bxc5 20. Ne5 Re8 21. Nd3
Qd4 22. Qxd4 cxd4 23. Nc5 Rad8 24. Nxb7 Nxb7 25. dxe6 Nc5 26. exf7+ Kxf7 27.
Bd5+ Kf6 28. Rxe8 Rxe8 29. Rxd4 g5 30. Bf3 a6 31. Kg2 Re7 32. Rd8 Re5 33. Bd1 h6
34. Rh8 Kg7 35. Rc8 Re7 36. Bc2 Nb7 37. Rb8 Nc5 38. Ra8 Re5 39. h3 Re2 40. Bb1
Re6 41. Bf5 Rc6 42. Bc2 Re6 43. Kf3 Nd7 44. Bf5 Rf6 45. Ke4 Nb6 46. Ra7 Rc6 47.
Kd3 Nxc4 48. Be4 Nb2+ 49. Kd4 Rd6+ 50. Bd5 Rd7 51. Rxa6 Nd1 52. a4 Nxf2 0-1

[Event "AUTO-ELITE-441"]
[Site "http://www.queenalice.com/game.php?id=681168"]
[Date "2009.11.11"]
[Round "1"]
[White "pumamercedino"]
[Black "SJRioPreto"]
[Result "1/2-1/2"]
[WhiteElo "2492"]
[BlackElo "2387"]

1. e4 c5 2. Nf3 Nc6 3. d4 cxd4 4. Nxd4 Nf6 5. Nc3 d6 6. Bg5 e6 7. Qd2 a6 8.
O-O-O Bd7 9. f4 h6 10. Bh4 Nxe4 11. Qe1 Nf6 12. Nf5 Qa5 13. Nxd6+ Bxd6 14. Rxd6
O-O-O 15. Kb1 Ne7 16. Bd3 Bc6 17. Rxd8+ Rxd8 18. Qe5 Ned5 19. Ne4 Qc7 20. Nxf6
gxf6 21. Bxf6 Qxe5 22. Bxe5 f6 23. Bd4 Nxf4 24. Bxf6 Rf8 25. Be7 Rf7 26. Bc5 Kc7
27. Rf1 Bxg2 28. Rf2 e5 29. b3 Bd5 30. Bf1 Be4 31. a4 Kc6 32. Be3 Rf5 33. Kc1 b5
34. axb5+ axb5 35. c3 1/2-1/2

[Event "AUTO-ELITE-442"]
[Site "http://www.queenalice.com/game.php?id=681477"]
[Date "2009.11.11"]
[Round "1"]
[White "forth_generation"]
[Black "SJRioPreto"]
[Result "0-1"]
[WhiteElo "2352"]
[BlackElo "2391"]

1. c4 Nf6 2. g3 e5 3. Bg2 Bc5 4. Nc3 O-O 5. Nf3 e4 6. Ng5 Bxf2+ 7. Kxf2 Ng4+ 8.
Kg1 Qxg5 9. Nxe4 Qg6 10. d4 d6 11. Nc3 Nf6 12. Bf4 Re8 13. e4 Nc6 14. Qd3 Bd7
15. Rf1 a6 16. Nd5 Rac8 17. Nxf6+ Qxf6 18. Be3 Qg6 19. Bd2 f6 20. h3 Re7 21. Kh2
Nd8 22. Re1 Nf7 23. Qb3 b6 24. Rhf1 Rce8 25. Rf4 Kh8 26. h4 Nh6 27. Rff1 Ng4+
28. Kg1 Bc6 29. d5 Bd7 30. Bf4 Kg8 31. Qc3 Qh5 32. Bd2 a5 33. a3 g5 34. c5 Rg7
35. cxd6 cxd6 36. Qc7 gxh4 37. Qxd6 hxg3 38. Qxg3 Ne5 39. Qe3 Kh8 40. Re2 Reg8
41. Rf5 Bxf5 42. exf5 Nf3+ 43. Kf1 Rxg2 44. Rxg2 Qh1+ 0-1

[Event "AUTO-ELITE-442"]
[Site "http://www.queenalice.com/game.php?id=681478"]
[Date "2009.11.11"]
[Round "1"]
[White "SJRioPreto"]
[Black "forth_generation"]
[Result "1-0"]
[WhiteElo "2335"]
[BlackElo "2420"]

1. d4 d5 2. c4 c6 3. Nf3 e5 4. dxe5 dxc4 5. Qxd8+ Kxd8 6. e4 b5 7. a4 Nd7 8.
axb5 cxb5 9. Nc3 Bb7 10. Nxb5 Bxe4 11. Ng5 Bb4+ 12. Bd2 Bxd2+ 13. Kxd2 Bd5 14.
e6 Bxe6 15. Nxe6+ fxe6 16. Bxc4 Ngf6 17. Rhe1 e5 18. Ra6 Nb6 19. Bd3 Re8 20.
Nxa7 e4 21. Bb5 Re6 22. Rc1 Nc4+ 23. Rxc4 Rxa6 24. Nc6+ Rxc6 25. Bxc6 Ra5 26.
Bxe4 Nxe4+ 27. Rxe4 Rd5+ 28. Kc3 Rc5+ 29. Rc4 Rf5 30. f4 h5 31. g3 h4 32. b4
hxg3 33. hxg3 Rf6 34. b5 Rg6 35. Kb4 Rxg3 36. b6 Rg1 37. Kb5 Rb1+ 38. Ka6 Ra1+
39. Kb7 Rb1 40. Ka7 Ra1+ 41. Kb8 g6 42. Rc6 Kd7 43. Rxg6 Rf1 44. b7 Rxf4 45. Ka7
Ra4+ 46. Ra6 Rxa6+ 47. Kxa6 Kc7 48. Ka7 1-0

[Event "AUTO-ELITE-442"]
[Site "http://www.queenalice.com/game.php?id=681483"]
[Date "2009.11.11"]
[Round "1"]
[White "SJRioPreto"]
[Black "Donidon"]
[Result "1-0"]
[WhiteElo "2382"]
[BlackElo "2221"]

1. d4 Nf6 2. c4 d5 3. Nf3 c6 4. e3 e6 5. Nc3 Nbd7 6. Bd3 Bd6 7. Qc2 dxc4 8. Bxc4
b5 9. Be2 Bb7 10. O-O O-O 11. Rd1 Nb6 12. e4 Be7 13. a4 1-0

[Event "AUTO-ELITE-442"]
[Site "http://www.queenalice.com/game.php?id=681484"]
[Date "2009.11.11"]
[Round "1"]
[White "Donidon"]
[Black "SJRioPreto"]
[Result "0-1"]
[WhiteElo "2229"]
[BlackElo "2374"]

1. e4 c5 2. Nf3 Nc6 3. d4 cxd4 4. Nxd4 Nf6 5. Nc3 e5 6. Ndb5 d6 7. Bg5 a6 8. Na3
b5 9. Nd5 Be7 10. Nxe7 Qxe7 11. c3 h6 12. Bxf6 Qxf6 13. Bd3 O-O 0-1

[Event "Challenge"]
[Site "http://www.queenalice.com/game.php?id=705344"]
[Date "2009.12.29"]
[Round "-"]
[White "SJRioPreto"]
[Black "PeterCamargo"]
[Result "0-1"]
[WhiteElo "2401"]
[BlackElo "2457"]

1. e4 e5 2. f4 exf4 3. Nf3 g5 4. h4 g4 5. Ne5 Nf6 6. Bc4 d5 7. exd5 Bd6 8. O-O
Bxe5 9. Re1 Qe7 10. c3 f3 11. d4 Ne4 12. Rxe4 Bh2+ 13. Kxh2 Qxe4 14. g3 O-O 15.
Bf4 c6 16. Nd2 Qg6 17. Qe1 Bf5 18. Qe7 Nd7 19. Re1 cxd5 20. Bxd5 Nf6 21. Qxb7
Rae8 22. Rxe8 Rxe8 0-1

[Event "Challenge"]
[Site "http://www.queenalice.com/game.php?id=732320"]
[Date "2010.2.15"]
[Round "-"]
[White "JDZ"]
[Black "SJRioPreto"]
[Result "1-0"]
[WhiteElo "2471"]
[BlackElo "2354"]

1. e4 e5 2. Nf3 Nc6 3. Bb5 a6 4. Ba4 Nf6 5. O-O b5 6. Bb3 Bb7 7. Re1 Bc5 8. c3
O-O 9. d4 Bb6 10. Be3 exd4 11. cxd4 Na5 12. Bg5 h6 13. Bxf6 Qxf6 14. Nc3 1-0

[Event "Challenge"]
[Site "http://www.queenalice.com/game.php?id=732444"]
[Date "2010.2.15"]
[Round "-"]
[White "SJRioPreto"]
[Black "JDZ"]
[Result "0-1"]
[WhiteElo "2363"]
[BlackElo "2465"]

1. d4 f5 2. g3 Nf6 3. Bg2 e6 4. c4 Bb4+ 5. Bd2 Be7 6. Nc3 O-O 7. Nf3 d5 8. O-O
c6 9. Qb3 Nbd7 10. Bf4 dxc4 11. Qxc4 Nb6 12. Qd3 Nbd5 13. Bg5 Qb6 0-1

[Event "helianthus"]
[Site "http://www.queenalice.com/game.php?id=737432"]
[Date "2010.2.25"]
[Round "2"]
[White "kasker"]
[Black "SJRioPreto"]
[Result "1-0"]
[WhiteElo "2468"]
[BlackElo "2372"]

1. e4 e5 2. Nf3 Nc6 3. Bb5 a6 4. Ba4 Nf6 5. O-O b5 6. Bb3 Bb7 7. c3 Be7 8. d4 d6
9. Qe2 O-O 10. Rd1 exd4 11. cxd4 1-0